El acceso de la mujer a la tierra en Nicaragua (Registro nro. 7060)

Detalles MARC
000 -CABECERA
Campo de control interno 01661nam a2200229Ia 4500
008 - ELEMENTOS DE LONGITUD FIJA - INFORMACIÓN GENERAL
Campo de control de longitud fija 260220t1992||||xx |||||||||||||| ||spa||
040 ## - FUENTE DE CATALOGACIÓN
Agencia de catalogación original PY-SlUNAC
Idioma de catalogación spa
Convenciones de descripción rda
041 ## - CÓDIGO DE IDIOMA
Código de idioma para texto/pista de sonido o título separado spa
082 ## - NÚMERO DE CLASIFICACIÓN DECIMAL DEWEY
Clasificación Decimal Dewey (CDD) 331.4
Clasificación Expansiva de Cutter (EC) F981a
245 #0 - TÍTULO
Título El acceso de la mujer a la tierra en Nicaragua
264 ## - PIE DE IMPRENTA
Lugar [Lugar de publicación no identificado] :
Editorial L/L,
Año ℗1992.
300 ## - DESCRIPCIÓN FÍSICA
Páginas 1 volumen
520 ## - NOTA DE RESUMEN
Nota de resumen El libro "El acceso de la mujer a la tierra en Nicaragua" analiza las barreras y oportunidades que enfrentan las mujeres nicaragüenses en su búsqueda por obtener derechos de propiedad sobre la tierra. A través de un enfoque multidimensional, se examinan factores económicos, sociales y culturales que influyen en la tenencia de tierras, así como las políticas gubernamentales y las iniciativas comunitarias que buscan promover la equidad de género en este ámbito. La obra destaca la importancia de la tierra como un recurso clave para el empoderamiento económico y social de las mujeres, y pone de manifiesto las desigualdades persistentes que limitan su acceso. Mediante estudios de caso y testimonios, el libro ilustra cómo las mujeres han luchado por sus derechos y han logrado avances significativos a pesar de la resistencia estructural. En última instancia, se propone la necesidad de reformas integrales para garantizar un acceso equitativo y sostenible a la tierra para todas las mujeres en el país.
653 ## - MATERIA - TÉRMINO TEMÁTICO NO CONTROLADO (PALABRAS CLAVE)
Materia - término temático no controlado (palabras clave) Acceso a la tierra
653 ## - MATERIA - TÉRMINO TEMÁTICO NO CONTROLADO (PALABRAS CLAVE)
Materia - término temático no controlado (palabras clave) Desarrollo rural
653 ## - MATERIA - TÉRMINO TEMÁTICO NO CONTROLADO (PALABRAS CLAVE)
Materia - término temático no controlado (palabras clave) Mujer
942 ## - ELEMENTOS PERSONALIZADOS (KOHA)
Fecha catalogación 2026/02/17
Tipo de documento Libros
Existencias
Fuente de Clasificacion Colección Ubicacion permanente Biblioteca actual Fecha de Ingreso a la Biblioteca Origen de adquisición Código de ubicación Código de barras Tipo de Item KOHA Nota pública
Dewey Decimal Classification Colección General (CG) Biblioteca e Internet, Facultad de Ciencias Exactas y Naturales Biblioteca e Internet, Facultad de Ciencias Exactas y Naturales 02/20/2026 Donación 331.4 F981a CG420 Libros Material disponible en la Biblioteca e Intenet, Campus UNA, San Lorenzo.